书目信息 |
| 题名: |
当代中国人的性行为与性关系
|
|
| 作者: | 潘绥铭 著 | |
| 分册: | ||
| 出版信息: | 北京 社会科学文献出版社 2004 |
|
| 页数: | 486页 | |
| 开本: | 21cm | |
| 丛书名: | 中国性学研究系列报告 | |
| 单 册: | ||
| 中图分类: | D669.1 , C913.14 | |
| 科图分类: | ||
| 主题词: | 性问题--研究--中国--现代 , 社会生活 , 社会问题 | |
| 电子资源: | ||
| ISBN: | 7-80190-131-2 | |
| 000 | 01063oam2 2200301 450 | |
| 001 | 1555233630 | |
| 005 | 20150119152101.35 | |
| 010 | @a7-80190-131-2@dCNY29.00 | |
| 100 | @a20040225d2004 em y0chiy50 ea | |
| 101 | 0 | @achi |
| 102 | @aCN@b110000 | |
| 105 | @ay z 000yy | |
| 200 | 1 | @a当代中国人的性行为与性关系@9dang dai zhong guo ren de xing xing wei yu xing guan xi@f潘绥铭等著 |
| 210 | @a北京@c社会科学文献出版社@d2004 | |
| 215 | @a486页@d21cm | |
| 225 | 2 | @a中国性学研究系列报告 |
| 300 | @a中华社会科学基金99ESH001号项目等大力支持 | |
| 330 | @a全书内容包括“当代性革命概述”、“性,我们是怎样调查出来的”、“性教育:谁说年轻时我们不懂”、“爱的链接:婚前性行为全貌”等十六部分。 | |
| 461 | 0 | @12001 @a中国性学研究系列报告 |
| 510 | 1 | @aSexual Behavior and Relation in Contemporary China@zeng |
| 606 | 0 | @a性问题@x研究@y中国@z现代 |
| 606 | 0 | @a社会生活 |
| 606 | 0 | @a社会问题 |
| 690 | @aD669.1@v5 | |
| 690 | @aC913.14@v4 | |
| 701 | 0 | @a潘绥铭@9pan sui ming@f(1950~)@4著 |
| 801 | 0 | @aCN@bTSSF@c20150115 |
| 905 | @aZUCC@dC913.14@eJY185 | |
| 当代中国人的性行为与性关系/潘绥铭等著.-北京:社会科学文献出版社,2004 |
| 486页;21cm.-(中国性学研究系列报告) |
| 中华社会科学基金99ESH001号项目等大力支持 |
| ISBN 7-80190-131-2:CNY29.00 |
| 全书内容包括“当代性革命概述”、“性,我们是怎样调查出来的”、“性教育:谁说年轻时我们不懂”、“爱的链接:婚前性行为全貌”等十六部分。 |
| ● |
| 相关链接 |
|
|
|
|
正题名:当代中国人的性行为与性关系
索取号:C913.14/JY185
 
预约/预借
| 序号 | 登录号 | 条形码 | 馆藏地/架位号 | 状态 | 备注 |
| 1 | 7835120 | 278351203 | 学院路分馆/ [索取号:C913.14/JY185] | 在馆 |